<?xml version="1.0" encoding="UTF-8"?>
<record
    xmlns:xsi="http://www.w3.org/2001/XMLSchema-instance"
    xsi:schemaLocation="http://www.loc.gov/MARC21/slim http://www.loc.gov/standards/marcxml/schema/MARC21slim.xsd"
    xmlns="http://www.loc.gov/MARC21/slim">

  <leader>00540nam a22002057a 4500</leader>
  <controlfield tag="003">OSt</controlfield>
  <controlfield tag="005">20220713134557.0</controlfield>
  <controlfield tag="008">190904b           ||||| |||| 00| 0 eng d</controlfield>
  <datafield tag="020" ind1=" " ind2=" ">
    <subfield code="a">9788174092304</subfield>
  </datafield>
  <datafield tag="040" ind1=" " ind2=" ">
    <subfield code="c">CST</subfield>
  </datafield>
  <datafield tag="050" ind1=" " ind2=" ">
    <subfield code="a">14627</subfield>
  </datafield>
  <datafield tag="082" ind1=" " ind2=" ">
    <subfield code="2">22</subfield>
    <subfield code="a">363.728</subfield>
  </datafield>
  <datafield tag="100" ind1=" " ind2=" ">
    <subfield code="a">Garg, S. K.</subfield>
  </datafield>
  <datafield tag="245" ind1=" " ind2=" ">
    <subfield code="a">Sewage disposal and air pollution engineering :</subfield>
    <subfield code="b">environmental engineering /</subfield>
  </datafield>
  <datafield tag="250" ind1=" " ind2=" ">
    <subfield code="a">NA</subfield>
  </datafield>
  <datafield tag="260" ind1=" " ind2=" ">
    <subfield code="a">New Delhi,</subfield>
    <subfield code="b">Khanna Publisher, </subfield>
    <subfield code="c">c2012.</subfield>
  </datafield>
  <datafield tag="300" ind1=" " ind2=" ">
    <subfield code="a">xx,1230 p. ;</subfield>
    <subfield code="b">ill. ;</subfield>
    <subfield code="c">24 cm.</subfield>
  </datafield>
  <datafield tag="440" ind1=" " ind2=" ">
    <subfield code="v">v.2</subfield>
  </datafield>
  <datafield tag="942" ind1=" " ind2=" ">
    <subfield code="2">ddc</subfield>
    <subfield code="c">ECE</subfield>
    <subfield code="0">12</subfield>
  </datafield>
  <datafield tag="999" ind1=" " ind2=" ">
    <subfield code="c">3529</subfield>
    <subfield code="d">3529</subfield>
  </datafield>
  <datafield tag="952" ind1=" " ind2=" ">
    <subfield code="0">0</subfield>
    <subfield code="1">0</subfield>
    <subfield code="2">ddc</subfield>
    <subfield code="4">0</subfield>
    <subfield code="7">1</subfield>
    <subfield code="8">REF</subfield>
    <subfield code="a">LIB001</subfield>
    <subfield code="b">LIB001</subfield>
    <subfield code="d">2014-07-15</subfield>
    <subfield code="g">261.00</subfield>
    <subfield code="l">0</subfield>
    <subfield code="o">363.728</subfield>
    <subfield code="p">36707</subfield>
    <subfield code="r">2014-07-15 00:00:00</subfield>
    <subfield code="t">1</subfield>
    <subfield code="v">572.00</subfield>
    <subfield code="w">2014-07-15</subfield>
    <subfield code="y">REF</subfield>
  </datafield>
  <datafield tag="952" ind1=" " ind2=" ">
    <subfield code="0">0</subfield>
    <subfield code="1">0</subfield>
    <subfield code="2">ddc</subfield>
    <subfield code="4">0</subfield>
    <subfield code="7">0</subfield>
    <subfield code="a">LIB001</subfield>
    <subfield code="b">LIB001</subfield>
    <subfield code="d">2014-07-15</subfield>
    <subfield code="g">261.00</subfield>
    <subfield code="l">15</subfield>
    <subfield code="m">44</subfield>
    <subfield code="o">363.728</subfield>
    <subfield code="p">36708</subfield>
    <subfield code="r">2025-11-17 00:00:00</subfield>
    <subfield code="s">2025-07-21</subfield>
    <subfield code="t">1</subfield>
    <subfield code="v">572.00</subfield>
    <subfield code="w">2014-07-15</subfield>
    <subfield code="y">ECE</subfield>
  </datafield>
  <datafield tag="952" ind1=" " ind2=" ">
    <subfield code="0">0</subfield>
    <subfield code="1">0</subfield>
    <subfield code="2">ddc</subfield>
    <subfield code="4">0</subfield>
    <subfield code="7">0</subfield>
    <subfield code="a">LIB001</subfield>
    <subfield code="b">LIB001</subfield>
    <subfield code="d">2014-07-15</subfield>
    <subfield code="g">261.00</subfield>
    <subfield code="l">12</subfield>
    <subfield code="m">40</subfield>
    <subfield code="o">363.728</subfield>
    <subfield code="p">36709</subfield>
    <subfield code="r">2025-11-28 00:00:00</subfield>
    <subfield code="s">2025-07-21</subfield>
    <subfield code="t">1</subfield>
    <subfield code="v">572.00</subfield>
    <subfield code="w">2014-07-15</subfield>
    <subfield code="y">ECE</subfield>
  </datafield>
  <datafield tag="952" ind1=" " ind2=" ">
    <subfield code="0">0</subfield>
    <subfield code="1">0</subfield>
    <subfield code="2">ddc</subfield>
    <subfield code="4">0</subfield>
    <subfield code="7">0</subfield>
    <subfield code="a">LIB001</subfield>
    <subfield code="b">LIB001</subfield>
    <subfield code="d">2014-07-15</subfield>
    <subfield code="g">261.00</subfield>
    <subfield code="l">11</subfield>
    <subfield code="m">40</subfield>
    <subfield code="o">363.728</subfield>
    <subfield code="p">36710</subfield>
    <subfield code="r">2025-11-17 00:00:00</subfield>
    <subfield code="s">2025-07-21</subfield>
    <subfield code="t">1</subfield>
    <subfield code="v">572.00</subfield>
    <subfield code="w">2014-07-15</subfield>
    <subfield code="y">ECE</subfield>
  </datafield>
  <datafield tag="952" ind1=" " ind2=" ">
    <subfield code="0">0</subfield>
    <subfield code="1">0</subfield>
    <subfield code="2">ddc</subfield>
    <subfield code="4">0</subfield>
    <subfield code="7">0</subfield>
    <subfield code="a">LIB001</subfield>
    <subfield code="b">LIB001</subfield>
    <subfield code="d">2014-07-15</subfield>
    <subfield code="g">261.00</subfield>
    <subfield code="l">12</subfield>
    <subfield code="m">47</subfield>
    <subfield code="o">363.728</subfield>
    <subfield code="p">36711</subfield>
    <subfield code="r">2025-11-29 00:00:00</subfield>
    <subfield code="s">2025-07-21</subfield>
    <subfield code="t">1</subfield>
    <subfield code="v">572.00</subfield>
    <subfield code="w">2014-07-15</subfield>
    <subfield code="y">ECE</subfield>
  </datafield>
  <datafield tag="952" ind1=" " ind2=" ">
    <subfield code="0">0</subfield>
    <subfield code="1">0</subfield>
    <subfield code="2">ddc</subfield>
    <subfield code="4">0</subfield>
    <subfield code="7">0</subfield>
    <subfield code="a">LIB001</subfield>
    <subfield code="b">LIB001</subfield>
    <subfield code="d">2014-07-15</subfield>
    <subfield code="g">261.00</subfield>
    <subfield code="l">14</subfield>
    <subfield code="m">45</subfield>
    <subfield code="o">363.728</subfield>
    <subfield code="p">36712</subfield>
    <subfield code="r">2025-11-25 00:00:00</subfield>
    <subfield code="s">2025-07-22</subfield>
    <subfield code="t">1</subfield>
    <subfield code="v">572.00</subfield>
    <subfield code="w">2014-07-15</subfield>
    <subfield code="y">ECE</subfield>
  </datafield>
  <datafield tag="952" ind1=" " ind2=" ">
    <subfield code="0">0</subfield>
    <subfield code="1">0</subfield>
    <subfield code="2">ddc</subfield>
    <subfield code="4">0</subfield>
    <subfield code="7">0</subfield>
    <subfield code="a">LIB001</subfield>
    <subfield code="b">LIB001</subfield>
    <subfield code="d">2014-07-15</subfield>
    <subfield code="g">261.00</subfield>
    <subfield code="l">12</subfield>
    <subfield code="m">49</subfield>
    <subfield code="o">363.728</subfield>
    <subfield code="p">36713</subfield>
    <subfield code="r">2025-11-28 00:00:00</subfield>
    <subfield code="s">2025-07-29</subfield>
    <subfield code="t">1</subfield>
    <subfield code="v">572.00</subfield>
    <subfield code="w">2014-07-15</subfield>
    <subfield code="y">ECE</subfield>
  </datafield>
  <datafield tag="952" ind1=" " ind2=" ">
    <subfield code="0">0</subfield>
    <subfield code="1">0</subfield>
    <subfield code="2">ddc</subfield>
    <subfield code="4">0</subfield>
    <subfield code="7">0</subfield>
    <subfield code="a">LIB001</subfield>
    <subfield code="b">LIB001</subfield>
    <subfield code="d">2014-07-15</subfield>
    <subfield code="g">261.00</subfield>
    <subfield code="l">13</subfield>
    <subfield code="m">45</subfield>
    <subfield code="o">363.728</subfield>
    <subfield code="p">36714</subfield>
    <subfield code="r">2025-11-25 00:00:00</subfield>
    <subfield code="s">2025-07-21</subfield>
    <subfield code="t">1</subfield>
    <subfield code="v">572.00</subfield>
    <subfield code="w">2014-07-15</subfield>
    <subfield code="y">ECE</subfield>
  </datafield>
  <datafield tag="952" ind1=" " ind2=" ">
    <subfield code="0">0</subfield>
    <subfield code="1">0</subfield>
    <subfield code="2">ddc</subfield>
    <subfield code="4">0</subfield>
    <subfield code="7">0</subfield>
    <subfield code="a">LIB001</subfield>
    <subfield code="b">LIB001</subfield>
    <subfield code="d">2014-07-15</subfield>
    <subfield code="g">261.00</subfield>
    <subfield code="l">10</subfield>
    <subfield code="m">42</subfield>
    <subfield code="o">363.728</subfield>
    <subfield code="p">36715</subfield>
    <subfield code="r">2025-11-27 00:00:00</subfield>
    <subfield code="s">2025-07-21</subfield>
    <subfield code="t">1</subfield>
    <subfield code="v">572.00</subfield>
    <subfield code="w">2014-07-15</subfield>
    <subfield code="y">ECE</subfield>
  </datafield>
</record>
